01377nam a22003491i 4500001001200000003000800012006001900020007001500039008004100054020002700095020001800122040003500140035002100175050002700196082001500223100003200238245006900270264004300339300004800382336002100430337002300451338003200474500002000506588010300526590014700629650002300776650004900799655002200848797001200870856012600882999001901008ebr10783634CaPaEBRm o d cr cn|||||||||131108s2013 enka o 001 0 eng d a9781849699600 (e-book) z9781849699594 aCaPaEBRbengerdaepncCaPaEBR a(OCoLC)86092320014aQA76.9.U83bL64 2013eb04a005.462231 aLoganathan, Venkateshwaran.10aPySide GUI application development /cVenkateshwaran Loganathan. 1aBirmingham :bPackt Publishing,c2013. a1 online resource ( pages) :billustrations atext2rdacontent acomputer2rdamedia aonline resource2rdacarrier aIncludes index. aDescription based on online resource; title from PDF title page (ebrary, viewed November 8, 2013). aElectronic reproduction. Palo Alto, Calif. : ebrary, 2013. Available via World Wide Web. Access may be limited to ebrary affiliated libraries. 0aComputer software. 0aGraphical user interfaces (Computer systems) 0aElectronic books.2 aebrary.40uhttp://site.ebrary.com/lib/rucke/Doc?id=10783634zAn electronic book accessible through the World Wide Web; click to view c132937d132937